<?xml version="1.0" encoding="UTF-8"?>
<record
    xmlns:xsi="http://www.w3.org/2001/XMLSchema-instance"
    xsi:schemaLocation="http://www.loc.gov/MARC21/slim http://www.loc.gov/standards/marcxml/schema/MARC21slim.xsd"
    xmlns="http://www.loc.gov/MARC21/slim">

  <leader>03762cam a22003014a 4500</leader>
  <controlfield tag="001">13978924</controlfield>
  <controlfield tag="003">OSt</controlfield>
  <controlfield tag="005">20210414114214.0</controlfield>
  <controlfield tag="008">050523s2006    maua     b    001 0 eng  </controlfield>
  <datafield tag="010" ind1=" " ind2=" ">
    <subfield code="a">  2005048917</subfield>
  </datafield>
  <datafield tag="020" ind1=" " ind2=" ">
    <subfield code="a">0205375200 (casebound)</subfield>
  </datafield>
  <datafield tag="040" ind1=" " ind2=" ">
    <subfield code="a">DLC</subfield>
    <subfield code="c">DLC</subfield>
    <subfield code="d">DLC</subfield>
  </datafield>
  <datafield tag="042" ind1=" " ind2=" ">
    <subfield code="a">pcc</subfield>
  </datafield>
  <datafield tag="050" ind1="0" ind2="0">
    <subfield code="a">HM1221</subfield>
    <subfield code="b">.P36 2006</subfield>
  </datafield>
  <datafield tag="082" ind1="0" ind2="0">
    <subfield code="a">659.2</subfield>
    <subfield code="2">22</subfield>
  </datafield>
  <datafield tag="100" ind1="1" ind2=" ">
    <subfield code="a">Parkinson, Michael G.</subfield>
  </datafield>
  <datafield tag="245" ind1="1" ind2="0">
    <subfield code="a">International and intercultural public relations :</subfield>
    <subfield code="b">a campaign case approach /</subfield>
    <subfield code="c">Michael G. Parkinson, Daradirek Ekachai.</subfield>
  </datafield>
  <datafield tag="260" ind1=" " ind2=" ">
    <subfield code="a">Boston :</subfield>
    <subfield code="b">Pearson/Allyn &amp; Bacon,</subfield>
    <subfield code="c">c2006.</subfield>
  </datafield>
  <datafield tag="300" ind1=" " ind2=" ">
    <subfield code="a">xxiii, 384 p. :</subfield>
    <subfield code="b">ill. ;</subfield>
    <subfield code="c">24 cm.</subfield>
  </datafield>
  <datafield tag="504" ind1=" " ind2=" ">
    <subfield code="a">Includes bibliographical references and index.</subfield>
  </datafield>
  <datafield tag="505" ind1=" " ind2=" ">
    <subfield code="a">Contents: Introduction to public relations campaign analysis: What is public relations? -- What is ROSTE? --  References and suggested readings -- Research for public relations campaign --  When do u do research? -- What kinds do you ask? -- How do you answer these questions? -- References and suggested readings -- Public relations objective and strategies -- Campaign  objectives -- Campaign strategies -- References and suggested readings -- Public relations tactics and evaluation --  Campaign media tactics -- Campaign evaluation -- References and suggested readings -- The Intercultural communication context:preparation for international public relations --  Intercultural communication perspective -- Salient features of intercultural communication -- Personal adaptation for intercultural effectiveness -- Summary -- References  and suggested readings  --  Guidelines for successful intercultural or international public relations -- Some unique  problems for international public relations -- Intercultural/international public relations model references and readings -- Cases: Case 1: Corporate reputation under attack: a case study of Nike's public relations campaign to blunt negative perceptions of its labor -- Case 2: Mas Que Comida, Es Vida - it's more than food, it's more life -- Case 3: The International campaign to ban landmines and the 1997 ban bus campaign -- Case 4: Internal public relations in the post-war Balkans -- Case 5: Protecting drug patents in Africa -- Competing community relations campaigns in Australia: public relations efforts for and against a Biosolids production facility -- Case 7: Global public relations in South Korea: a case study of a multinational corporation -- Case 8:The Latvian naturalization project - Case 9: The Bhopal Carbide disaster: a lesson in international crisis communication -- Case 10: Developing and maintaining the Aljazeera websites -- Case 11: Improved internal communications in a large South African financial services organization -- Case 12: Image building in the international media: a case study of the Finlandia communications program in Russia -- Case 13: Avon's 'Kiss Goodbye to Breast Cancer" Campaign in the Philippines -- Case 14: One Tambon,one product: Part of the war against poverty in Thailand -- Case 15: Engaging Colombian  coffee growers in dialogue: Social reports campaign of the departmental  committee of Antioquia -- Case 16: Protecting the environmental and people's well-being in the Nigerian Ogoni land -- Case 17: St.Jude's health outreach in Brazil -- Case 18: Burson-Marstella's Depression Awareness Campaign in Thailand -- Case 19: Public Television in the United States and Croatia: A comparison of two campaigns.</subfield>
  </datafield>
  <datafield tag="650" ind1=" " ind2="0">
    <subfield code="a">Public relations.</subfield>
  </datafield>
  <datafield tag="650" ind1=" " ind2="0">
    <subfield code="a">Intercultural communication.</subfield>
  </datafield>
  <datafield tag="700" ind1="1" ind2=" ">
    <subfield code="a">Ekachai, Daradirek.</subfield>
  </datafield>
  <datafield tag="906" ind1=" " ind2=" ">
    <subfield code="a">7</subfield>
    <subfield code="b">cbc</subfield>
    <subfield code="c">orignew</subfield>
    <subfield code="d">1</subfield>
    <subfield code="e">ocip</subfield>
    <subfield code="f">20</subfield>
    <subfield code="g">y-gencatlg</subfield>
  </datafield>
  <datafield tag="942" ind1=" " ind2=" ">
    <subfield code="2">lcc</subfield>
    <subfield code="c">BK</subfield>
  </datafield>
  <datafield tag="999" ind1=" " ind2=" ">
    <subfield code="c">2854</subfield>
    <subfield code="d">10354</subfield>
  </datafield>
  <datafield tag="952" ind1=" " ind2=" ">
    <subfield code="0">0</subfield>
    <subfield code="1">0</subfield>
    <subfield code="2">lcc</subfield>
    <subfield code="4">0</subfield>
    <subfield code="7">0</subfield>
    <subfield code="a">WIUC-1</subfield>
    <subfield code="b">WIUC-1</subfield>
    <subfield code="c">CC</subfield>
    <subfield code="d">2014-04-14</subfield>
    <subfield code="l">0</subfield>
    <subfield code="o">HM1221 .P36 </subfield>
    <subfield code="p">868/007/14</subfield>
    <subfield code="r">2014-04-14 00:00:00</subfield>
    <subfield code="t">1</subfield>
    <subfield code="w">2014-04-14</subfield>
    <subfield code="y">BK</subfield>
  </datafield>
  <datafield tag="952" ind1=" " ind2=" ">
    <subfield code="0">0</subfield>
    <subfield code="1">0</subfield>
    <subfield code="2">lcc</subfield>
    <subfield code="4">0</subfield>
    <subfield code="7">0</subfield>
    <subfield code="a">WIUC-1</subfield>
    <subfield code="b">WIUC-1</subfield>
    <subfield code="c">CC</subfield>
    <subfield code="d">2014-04-14</subfield>
    <subfield code="l">0</subfield>
    <subfield code="o">HM1221 .P361</subfield>
    <subfield code="p">869/008/14</subfield>
    <subfield code="r">2014-04-14 00:00:00</subfield>
    <subfield code="t">2</subfield>
    <subfield code="w">2014-04-14</subfield>
    <subfield code="y">BK</subfield>
  </datafield>
</record>
